000 00851nam a22002297a 4500
999 _c8329
_d8329
003 AR-CdUCM
008 190322b ||||| |||| 00| 0 spa d
040 _aMUNICIPALIDAD PROVINCIAL DEL CUSCO
_cBIBLIOTECA MUNICIPAL DEL CUSCO
082 _a171 /
_bR18
100 _aRamsey, Paul
_923381
245 _a9 Moralistas modernos :
260 _aMéxico :
_bHerrero hermanos,
_c1965.
300 _a293 paginas ;
_c22 cm.
500 _aTitulo original :Nine Modern Moralists
505 _aContenido : El ateísmo viviente -- La gracia de Dios y la culpa del hombre -- Aspectos religiosos del marxismo -- El sexo en esencia.-- El amor cristiano y la ley natural...
650 _aAteismo
_923382
650 _aMoralistas
_923383
650 _aLey natural
_923384
700 _aMateo, Andrés M. (Traductor)
_91421
942 _2ddc
_cLIBROS
945 _awnts